| 000 | 00504nam a2200181Ia 4500 | ||
|---|---|---|---|
| 999 |
_c7608 _d7608 |
||
| 003 | OSt | ||
| 005 | 20200106124257.0 | ||
| 008 | 190216s9999||||xx |||||||||||||| ||und|| | ||
| 040 | _coclc | ||
| 082 |
_a332.6 _bAVA/I |
||
| 100 |
_aAvadhani, V A _9855 |
||
| 245 | 0 |
_aInvestment Management / _cV A Avadhani |
|
| 250 | _a7th ed. | ||
| 260 |
_bHimalaya Publishing House, _c2008. _aNew Delhi: |
||
| 300 | _a683p | ||
| 650 | _xInvestments | ||
| 942 |
_cBK _2ddc _h332.6 _iAVA/I _k332.6 _mAVA/I |
||